01016nam a2200265 a 450000100060000000300080000600500170001400800410003103500190007203500110009104000270010204100080012908200300013710000360016724501780020326000400038130000320042150400300045365000300048365000340051365000310054794200120057899900170059095201430060761425BD-RjUL20211209080949.0170117s1950 nyu 00000 eng d a(BD-RjUL)61549 a788954 aANLbengdANLcBD-RjUL aeng0 a784.30973223 bWEB 1950 1 aWells, Evelyn Kendrick.918311014aThe ballad tree :ba study of British and American ballads, their folklore, verse and music, together with sixty traditional ballads and their tunes.c Evelyn Kendrick Wells aNew York :bRonald Press Co,c1950. aix, 370 p :bill. ;c24 cm. aBibliography: p. 353-360. 0aBallads, English.9183111 0aSongszUnited States.9183112 0aBallads, American.9183113 2ddccBK c61425d61425 00102ddc40718NFICaRUCLbRUCLcReadingd1971-01-29eZeetlingerg55.00l0o784.30973 WEB 1950r2017-01-17 00:00:00tC-1w2017-01-17yBK